| 000 | 00683nas a2200265 4500 | ||
|---|---|---|---|
| 001 | BR9207132 | ||
| 003 | BR-BrBNA | ||
| 005 | 20231205100458.0 | ||
| 007 | ta | ||
| 008 | 230509b bl.|||p| |||| 00| 00por d | ||
| 040 |
_aBR-BrBNA _bpor _cBiblioteca Nacional de Agricultura |
||
| 041 | _a(Pt) | ||
| 072 | _aL01 | ||
| 100 | 1 | _aAnon. | |
| 245 | 1 | _aNovamente os faisoes | |
| 650 | _aFaisao | ||
| 650 | _aViveiro | ||
| 650 | _aDoenca Animal | ||
| 650 | _aCriacao | ||
| 650 | _aProfilaxia | ||
| 650 | _aPratico | ||
| 773 | 0 |
_tAves e Ovos (Brazil) _xISSN 0005-2000 _g(Sep 1969), v. 4(24) p. 38-43 _wBR9207132 |
|
| 909 |
_a202311 _bLúcia _c55 _dLúcia Elande |
||
| 942 |
_2AGRIS _n0 _cANA |
||
| 999 |
_c156268 _d156268 |
||